Los indios de Colombia / (Record no. 11484)

MARC details
000 -LEADER
campo de control de longitud fija 00859nam a2200277 i 4500
001 - NÚMERO DE CONTROL
campo de control 11484
003 - IDENTIFICADOR DE NÚMERO DE CONTROL
campo de control ES-MaACL
005 - FECHA Y HORA DE LA ÚLTIMA TRANSACCIÓN
campo de control 20230906150118.0
007 - CAMPO FIJO DE DESCRIPCIÓN FÍSICA--INFORMACIÓN GENERAL
campo de control de longitud fija t|
008 - DATOS DE LONGITUD FIJA--INFORMACIÓN GENERAL
campo de control de longitud fija 921014s1992 sp a |||| | spa j
020 ## - NÚMERO INTERNACIONAL ESTÁNDAR DEL LIBRO
Número Internacional Estándar del Libro 84-7100-425-9
080 ## - NÚMERO DE LA CLASIFICACIÓN DECIMAL UNIVERSAL
Número de la Clasificación Decimal Universal 930.85(=98:861)
100 1# - ENTRADA PRINCIPAL--NOMBRE DE PERSONA
Nombre de persona Chaves Mendoza, Alvaro.
9 (RLIN) 38273
245 14 - MENCIÓN DEL TÍTULO
Título Los indios de Colombia /
Mención de responsabilidad, etc. Alvaro Chaves Mendoza, Jorge Morales Gómez, Horacio Calle Restrepo.
260 ## - PUBLICACIÓN, DISTRIBUCIÓN, ETC.
Lugar de publicación, distribución, etc. Madrid :
Nombre del editor, distribuidor, etc. MAPFRE,
Fecha de publicación, distribución, etc. D.L. 1992.
300 ## - DESCRIPCIÓN FÍSICA
Extensión 349 p. :
Otras características físicas il. ;
Dimensiones 23 cm.
490 1# - MENCIÓN DE SERIE
Mención de serie Indios de América ;
Designación de volumen o secuencia 5
500 ## - NOTA GENERAL
Nota general Índice.
504 ## - NOTA DE BIBLIOGRAFÍA, ETC.
Nota de bibliografía, etc. Bibliografía: p. [325]-337.
650 14 - PUNTO DE ACCESO ADICIONAL DE MATERIA--TÉRMINO DE MATERIA
Término de materia o nombre geográfico como elemento de entrada Indios de Colombia.
9 (RLIN) 169149
700 1# - ENTRADA AGREGADA--NOMBRE PERSONAL
Nombre de persona Morales G., Jorge.
9 (RLIN) 83036
700 1# - ENTRADA AGREGADA--NOMBRE PERSONAL
Nombre de persona Calle Restrepo, Horacio.
9 (RLIN) 33707
830 0# - PUNTO DE ACCESO ADICIONAL DE SERIE-TÍTULO UNIFORME
Título uniforme Indios de América ;
Designación de volumen o secuencia 5
9 (RLIN) 179126
852 ## - LOCALIZACIÓN
Ubicación ES-MaACL
Número de control de estantería L-18809
Holdings
Estatus retirado Estado de pérdida Estado de daño No para préstamo Biblioteca de origen Biblioteca actual Ubicación en estantería Fecha de adquisición Fuente de adquisición Total de préstamos Signatura topográfica completa Código de barras Visto por última vez Precio de reemplazo Tipo de ítem Koha
        Biblioteca del Ateneo de Madrid Biblioteca del Ateneo de Madrid Depósito 2 17/01/2008     L-18809 1011707 23/02/2023 23/02/2023 Libro impreso